| Tag |
First Indicator |
Second Indicator |
Subfields |
| LEADER |
00000cam a2200000 a 4500 |
| 001 |
in00000782856 |
| 005 |
20151017063204.0 |
| 008 |
860509c19861985nyu 00011 eng d |
| 010 |
|
|
|z 84048609
|
| 020 |
|
|
|a 0380701340 (pbk.) :
|c $4.95
|
| 035 |
|
|
|a (OCoLC)13551767
|
| 035 |
|
|
|9 ADN1197AM
|
| 040 |
|
|
|a SVP
|c SVP
|d TXA
|d UtOrBLW
|
| 049 |
1 |
|
|a TXA1 [SCIF]
|
| 090 |
|
|
|a PR9619.3.M32
|b C7 1986
|
| 092 |
|
|
|a Fic
|
| 100 |
1 |
|
|a McCullough, Colleen,
|d 1937-2015.
|
| 245 |
1 |
2 |
|a A creed for the third millennium /
|c Colleen McCullough.
|
| 264 |
|
1 |
|a New York :
|b Avon,
|c 1986
|
| 264 |
|
4 |
|c ©1985
|
| 300 |
|
|
|a 458 pages ;
|c 18 cm.
|
| 336 |
|
|
|a text
|b txt
|2 rdacontent
|
| 337 |
|
|
|a unmediated
|b n
|2 rdamedia
|
| 338 |
|
|
|a volume
|b nc
|2 rdacarrier
|
| 999 |
|
|
|a MARS
|
| 999 |
f |
f |
|s 7e5a4e8a-b07e-3091-89d5-8a60cbe049e9
|i 4d1afe65-706e-3fdc-8cb1-bb6361526265
|t 0
|
| 952 |
f |
f |
|p noncirc
|a Texas A&M University
|b College Station
|c Cushing Memorial Library & Archives
|d Cushing: Science Fiction (Does not check out)
|t 0
|e PR9619.3.M32 C7 1986
|h Library of Congress classification
|i unmediated -- volume
|
| 998 |
f |
f |
|a PR9619.3.M32 C7 1986
|t 0
|l Cushing: Science Fiction (Does not check out)
|